| Поле | Инд. | ПП | Название | Значение |
|---|---|---|---|---|
| Тип записи | a | |||
| Библиографический уровень | m | |||
| 001 | Контрольный номер | 94f8e240-da1c-42c5-8a5d-1e497179726c | ||
| 005 | Дата корректировки | 20131112075815.3 | ||
| 008 | Кодируемые данные | 020123 | ||
| 020 | a | ISBN | 5-89522-134-3 | |
| c | Цена, тираж | 64.50 | ||
| 040 | a | Служба первич. каталог. | НБ ТвГУ | |
| 041 | a | Код языка текста | rus | |
| 080 | a | Индекс УДК | 510.222 | |
| a | Индекс УДК | 510.6 | ||
| a | Индекс УДК | 519.2 | ||
| 084 | a | Индекс другой классификации/Индекс ББК | В122 | |
| a | Индекс другой классификации/Индекс ББК | В126 | ||
| a | Индекс другой классификации/Индекс ББК | В17 | ||
| 090 | a | Полочн. индекс | В122 | |
| x | Авторский знак | Л43 | ||
| 100 | 1_ | a | Автор | Лексаченко Валентин Александрович |
| 245 | 00 | a | Заглавие | Логика. Множества. Вероятность |
| c | Ответственность | В. А. Лексаченко | ||
| 260 | 0_ | a | Место издания | Москва |
| b | Издательство | Вузовская книга | ||
| c | Дата издания | 2001 | ||
| 300 | a | Объем | 128 с. | |
| b | Иллюстрации/ тип воспроизводства | табл. | ||
| 504 | a | Библиография | Библиогр.: с.126. | |
| 583 | a | Действие | Получение впервые 39 22.01.2002 | |
| k | Исполнитель действия | Центральный Коллектор Научных Библиотек | ||
| 650 | a | Основная рубрика | Математическая логика | |
| 650 | a | Основная рубрика | Множеств теория | |
| 650 | a | Основная рубрика | Математическая статистика | |
| 653 | a | Ключевые слова | Математическая логика | |
| a | Ключевые слова | Математическая статистика | ||
| a | Ключевые слова | Множества | ||
| a | Ключевые слова | Случайные процессы (мат.) | ||
| a | Ключевые слова | Теория вероятностей | ||
| a | Ключевые слова | Теория множеств | ||
| 852 | t | Порядковый номер экземпляра | 1 | |
| p | Инвентарный номер | 742264 | ||
| 863 | t | 00031131 | ||
| 888 | a | За счет средств университета | ||
| 952 | p | 39.2002 64.50 1 742264 | ||
| c | Вид литературы | К рн | ||
| 954 | a | Дата поступления на обработку | 20020213 | |
| 999 | a | Подразделение 2 | Фил3 |